Breaking through technical jargon : (Record no. 541610)
[ view plain ]
| 000 -LEADER | |
|---|---|
| fixed length control field | 00581pam a2200169 a 4500 |
| 020 ## - INTERNATIONAL STANDARD BOOK NUMBER | |
| International Standard Book Number | 0442001517 |
| 082 00 - DEWEY DECIMAL CLASSIFICATION NUMBER | |
| Classification number | 004.03 |
| Author Mark | MER |
| -- | L-2,P-174 |
| 100 1# - MAIN ENTRY--PERSONAL NAME | |
| Personal name | Merkow, Mark S. |
| 9 (RLIN) | 36586 |
| 245 10 - TITLE STATEMENT | |
| Title | Breaking through technical jargon : |
| Remainder of title | a dictionary of computer and automation acronyms / |
| Statement of responsibility, etc. | Mark S. Merkow. |
| 260 ## - PUBLICATION, DISTRIBUTION, ETC. | |
| Place of publication, distribution, etc. | New York, N.Y. : |
| Name of publisher, distributor, etc. | Van Nostrand Reinhold, |
| Date of publication, distribution, etc. | c1990. |
| 300 ## - PHYSICAL DESCRIPTION | |
| Extent | xviim 181 p. ; |
| Dimensions | 23 cm. |
| 526 ## - STUDY PROGRAM INFORMATION NOTE | |
| Program name | 0 |
| Interest level | 0 |
| Reading level | 0 |
| Title point value | 004_030000000000000_MER |
| 650 #0 - SUBJECT ADDED ENTRY--TOPICAL TERM | |
| Topical term or geographic name entry element | Automation |
| General subdivision | Acronyms. |
| 9 (RLIN) | 36587 |
| 650 #0 - SUBJECT ADDED ENTRY--TOPICAL TERM | |
| Topical term or geographic name entry element | Computer science |
| General subdivision | Acronyms. |
| 9 (RLIN) | 36588 |
| 650 #0 - SUBJECT ADDED ENTRY--TOPICAL TERM | |
| Topical term or geographic name entry element | MCE |
| 9 (RLIN) | 379 |
| 942 ## - ADDED ENTRY ELEMENTS (KOHA) | |
| Source of classification or shelving scheme | |
| Koha item type | Book |
| Withdrawn status | Lost status | Source of classification or shelving scheme | Damaged status | Not for loan | Permanent Location | Current Location | Date acquired | Total Checkouts | Full call number | Barcode | Date last seen | Price effective from | Koha item type |
|---|---|---|---|---|---|---|---|---|---|---|---|---|---|
| Military College of Engineering (MCE) | Military College of Engineering (MCE) | 08/16/2013 | 004.03 MER | MCE-27541 | 08/16/2013 | 08/16/2013 | Book |
